Anglo-Saxon 'Tribes' on a Map - Statistics

General Stats
  • This quiz has been taken 199 times
    170 since last reset
  • The average score is 6 of 34
Answers on the Map
Answers color-coded by a green-red scale on the quiz's map according to % correct below.
 
Answer Stats
Hides Tribe % Correct
100,000 Westsexena(West Saxons)
89%
7,000 Suþsexena (South Saxons)
86%
15,000 Cantwarena (Kent-folk)
85%
7,000 Eastsexena(East Saxons)
85%
30,000 East engle (East Angles)
81%
30,000 Myrcna (Mercians)
77%
600 Wihtgara(Wight-folk)
64%
7,000 Hwinca (Hwicce)
19%
7,000 Lindesfarona(Lindsey-folk)
18%
600 Elmedsætna (Elmet-folk)
5%
1,200 Pecsætna (Peak-folk)
3%
1,200 Cilternsætna(Chiltern-folk)
2%
300 Hicca(Hitchin-folk)
2%
600 Norþ gyrwa(North Gyrwe)
2%
600 Spalda(Spalding-folk)
2%
600 Suþ gyrwa(South Gyrwe)
2%
7,000 Westerna(Magon-folk)
2%
7,000 Wocensætna (Wrekin-folk)
2%
600 Arosætna(Arrow-folk)
1%
600 Bilmiga
1%
600 East willa
1%
300 East wixna
1%
300 Færpinga
1%
300 Gifla
1%
3,500 Hendrica
1%
2,000 Ohtgaga
1%
300 Sweordora
1%
1,200 Unecung-ga
1%
600 West willa
1%
600 West wixna
1%
600 Widerigga
1%
1,200 Herefinna
0%
5,000 Noxgaga
0%
900 Wigesta
0%
No matching quizzes found
Score Distribution
Percent of People with Each Score
Percentile by Number Answered
Your Score History
You have not taken this quiz since the last reset